000 04661nam a22005057a 4500
005 20120125161044.0
010 _aB-447921-945
020 _a9780143063223
_c199.00
035 _aB-447921-945
037 _adpl
_bK.K.Pub/Ven
082 _aN
100 _aRuskin Bond
_945426
245 _aA Flight of Pigeons /
_cby Ruskin Bond
260 _a New Delhi
_bPenguin Books
_c1996
270 _a11 Community Centre Panchsheel Park
_bNew Delhi
_e110017
300 _a135p.
_c17cm(pbk)
700 _940167
942 _2ddc
_cEN
_mRUS
_hN
999 _c61512
_d61512